000
00243nam a2200097Ia 4500
001
652176
005
20250826154433.0
008
250824s9999 xx 000 0 und d
245
0
_a
Bilime Giriş Küresel Isınma
260
_b
TÜBİTAK YAYINLARI
999
_c
652176
_d
652176